000 00886nam a2200289Ia 4500
003 GCL
008 140319s9999 xx 000 0 ara d
040 _aGCL /
_cGCL
082 0 4 _a796
_bب س
100 1 _aبيترمورغن
245 1 0 _aكرة المضرب /
_cبيترمورغن
700 1 _aعماد ابوسعد
260 _a[S.N] :
_bالدار العربية للعلوم ،
_c1991
490 _aالسلسلة الرياضية
_v0
650 0 4 _aالرياضة البدنية
650 0 4 _aالالعاب الرياضية
650 0 4 _aالجودو
650 0 4 _aالمصارعة
650 0 4 _aالعاب الكرة
650 0 4 _aالسباحة
650 0 4 _aالمصارعة اليابانية
650 0 4 _aالغطس
650 0 4 _aسباق الدرجات
650 0 4 _aاللياقة البدنية
650 0 4 _aالكاراتية
942 _2ddc
_cBK
999 _c29976
_d29976